[Event "Kfar Sava weekend"]
[Site "Kfar Sava"]
[Date "2000.08.03"]
[Round "?"]
[White "Shevelev, Arkady"]
[Black "Tsesarsky, Ilya"]
[Result "1-0"]
[WhiteElo "2354"]
[BlackElo "2489"]
[Annotator "Tsesarsky,I"]
[PlyCount "81"]
[EventDate "2000.08.04"]
[EventType "swiss"]
[EventRounds "9"]
[EventCountry "ISR"]
[SourceTitle "CBM 078"]
[Source "ChessBase"]
[SourceDate "2000.10.18"]
[SourceVersion "1"]
[SourceVersionDate "2000.10.18"]
[SourceQuality "1"]

1. e4 c5 2. Nf3 Nc6 3. d4 cxd4 4. Nxd4 Qc7 5. Nc3 e6 6. g3 a6 7. Bg2 Nge7 $1 {
In my opinion, this move is good reaction on g2-g3 system.} 8. Be3 $5 (8. Nb3
Ng6 (8... h5 $6 9. Bf4 Ne5 10. h3 h4 11. g4 N7g6 12. Bh2 Bd6 13. Nd2 Nd3+ 14.
cxd3 Bxh2 15. Rc1 Ne5 16. Nb3 Nc6 17. d4 Bf4 18. Rb1 b6 19. Ne2 Bb7 20. O-O Ne7
21. d5 $14 {1-0 Estrada Nieto,J-Halkias,S/VII Anibal Open 2000 (38)}) 9. O-O (
9. f4 b5 (9... f6 10. Be3 Be7 11. Qd2 O-O 12. O-O-O Rb8 13. Kb1 Nh8 14. h4 Nf7
15. g4 b5 16. g5 Nd6 $1 {[%cal Gd6c4]} (16... b4 17. Na4 d6 18. Bf1 Ncd8 19.
Qf2 Bb7 20. Bd3 $14 {1-0 Popovic,Petar-Rechlis,Gad/FRA-chT (9) ;CBM 64 ext
1998 (28)}) 17. Qe2 Nc4 18. Bc1 Bb7 $132) 10. Be3 d6 11. h4 Bb7 12. Qd2 Be7 13.
O-O-O Nf8 $132 {[%cal Gf8d7] 1/2-1/2 Aleksic,N1-Miladinovic,I/VI Leonardo Di
Bona 2000}) (9. a4 b6 10. O-O Rb8 11. f4 Na5 12. Nd4 Bc5 13. Kh1 Bb7 14. b3 O-O
15. Bb2 f6 16. Qd3 Rbc8 $132 {1/2-1/2 Vogt,Lothar-Bischoff,Klaus/
Mephisto-GM-Turnier (4) ;CBM 37 1993 (29)}) 9... Be7 10. f4 O-O (10... b5 11.
Be3 d6 (11... O-O 12. h4 f6 (12... Rd8 13. h5 Nf8 14. h6 g6 15. a4 bxa4 16.
Nxa4 Rb8 17. Qd2 $14 {1-0 Nikolenko,Oleg-Labunskiy,D/Vladivostok op (9) ;CBM
46 ext 1995 (39)}) 13. h5 Nh8 $132 {[%cal Gh8f7,Gf7d6,Gd6c4]}) 12. Qh5 Bd7 13.
Rad1 O-O 14. g4 f6 15. Qh3 b4 16. Ne2 e5 17. f5 Nh8 18. Qf3 Nf7 19. Rd2 Na5 20.
Nxa5 Qxa5 21. c3 Qxa2 22. cxb4 $11 {1/2-1/2 Al Modiahki,Mohamad-Valiente,
Cristobal/Yerevan ol (Men) (3) ;EXT 97 1996 (27)}) 11. h4 (11. Be3 Rb8 12. Qh5
f6 13. Rad1 (13. g4 b5 $132 (13... Rf7 14. e5 Nf8 15. exf6 Bxf6 16. f5 g6 17.
Qh3 gxf5 18. gxf5 d6 19. Bh6 exf5 20. Bd5 $16 {0-1 Wedberg,Tom-Hort,Vlastimil/
Dortmund (5) ;MCD 1983 (39)})) 13... b5 14. Rd3 Nh8 15. Rfd1 Nf7 16. Qe2 Nd6
17. Bc1 Nc4 18. Kh1 Nd8 19. Rd4 Nb6 20. R4d3 Nf7 $132 {Bakhmatov,
Eduard-Bischoff,Klaus/Pyramiden Franken Cup (2) ;EXT 2000 1999/0-1 (55)}) (11.
e5 d6 12. exd6 Bxd6 13. Ne4 Be7 14. Qe2 b6 15. Be3 Rb8 16. c4 Rd8 17. Rac1 Bb7
18. Qf2 Ba8 $11 {Zagrebelny,Sergey-Wilhelmi,Christian/Dresden op ;EXT 2000
1999/1/2-1/2 (54)}) 11... f6 12. h5 Nh8 13. Be3 Rb8 14. Qe2 Nf7 15. Rad1 b5 16.
Bf3 Nd6 17. Kh2 Nc4 18. Bc1 Nd8 19. Rd4 Nb6 20. a3 Nf7 $1 $132 {0-1 Kaminski,
Uwe-Bischoff,Klaus/Bundesliga 9495 ;GER-chT 1995 (31)}) (8. Nde2 d6 (8... Ng6
9. O-O (9. b3 b5 10. Bb2 Bb7 11. Qd2 Bc5 12. O-O O-O 13. Rad1 Rad8 14. h3 Nce7
15. Nd4 f5 16. exf5 Bxd4 17. Qxd4 Nxf5 $132 {1-0 Rytshagov,Mikhail-Kurajica,
Bojan/EU-chT (Men) (4) ;CBM 57 ext 1997 (32)}) 9... Bc5 10. Nf4 Nge5 11. Kh1
O-O 12. Nh5 Qd6 13. Qxd6 Bxd6 14. f4 Nc4 15. e5 Bb4 16. Ne4 d5 17. Nf2 Bd7 18.
Nd3 Be7 19. b3 Na3 20. c3 Rfd8 21. g4 $132 {Solak,Dragan-Miladinovic,Igor/
Korinthos op 3rd (9) ;EXT 2000 1999/1-0 (63)}) (8... g6 9. Bf4 Ne5 10. O-O Bg7
11. a4 O-O 12. Qc1 Rd8 13. Rd1 b6 14. Bh6 Bh8 15. Bg5 d6 16. b3 Bb7 $11 {
0-1 Davydiuk,Stephan-Sideif Sade,Fikret I/URS Army-ch Simferopol ;EXT 97 1989 
(28)}) 9. a4 b6 10. O-O Bb7 11. b3 Ng6 12. f4 Be7 13. Be3 O-O 14. Qd2 Rfe8 15.
Rac1 Nf8 $132 {0-1 Galdunts,Sergey-Ibragimov,Ildar/Dortmund op-A (6) ;TD 1992 
(37)}) (8. O-O Nxd4 9. Qxd4 Nc6 10. Qd1 {[%cal Gd1g4,Gd1h5]} (10. Qd2 Be7 11.
b3 O-O 12. Bb2 d6 13. Ne2 b5 14. Qc3 e5 15. a3 Bf6 16. Qd2 Bb7 17. f4 Rac8 $132
{0-1 Shengelia,D-Miladinovic,I/Zonal 1998 (36)}) 10... Be7 11. Be3 (11. f4 d6 (
11... O-O 12. Kh1 (12. b3 b5 13. Bb2 Bb7 14. Qg4 f6 $11 {0-1 Playa,M-Valiente
R,C/Montevideo 1992/EXT 97 (34)}) 12... d6 $11 (12... b5 $5 $11 13. Nd5 $6 exd5
14. exd5 Bb7 15. dxc6 Bxc6 $15) (12... f6 $2 13. Re1 {See comments to the game
Markidis Konstantinis-Halkias Stelios, Greec ch, Athens (1) - CBM 69 1:0})) 12.
Be3 O-O 13. Na4 b5 14. Nb6 Rb8 15. Nxc8 Rbxc8 16. a4 Bf6 17. axb5 axb5 18. c3
$11 {1/2-1/2 Browne,Walter S-Kurajica,Bojan/Rovinj/Zagreb (13) ;MCD 1970 (29)})
11... Rb8 12. Qg4 O-O 13. f4 f6 14. Kh1 b5 15. Rae1 Rf7 16. Qe2 Bb4 17. Bd2 Bf8
18. f5 Ne5 19. Bf4 Bb4 $132 {De Firmian,Nick E-Hort,Vlastimil/Lone Pine op (7)
;MCL 1979/0-1 (42)}) 8... b5 $1 (8... Nxd4 $2 9. Qxd4 (9. Bxd4 Nc6 10. O-O Nxd4
11. Qxd4 Qc5 12. Qxc5 Bxc5 13. e5 Bd4 14. Rfe1 f6 15. exf6 gxf6 16. Nd5 Kf7 17.
Rad1 Ba7 $132 {1-0 Van Riemsdijk,H-Matsuura,E/Joinville 1988/(41)}) 9... Nc6
10. Qb6 Qxb6 11. Bxb6 Bb4 12. O-O-O Ba5 13. Na4 Bxb6 14. Nxb6 $16 {1-0
Paglilla,C-Schuster,C/ARG-ch ,EXT 1989/ (45)}) (8... Ne5 9. O-O Nc4 10. Bc1 $14
) 9. O-O Nxd4 10. Bxd4 (10. Qxd4 Nc6 11. Qd2 Bb7 $132) 10... Nc6 (10... Bb7 $11
) 11. Re1 Nxd4 12. Qxd4 Rb8 $1 {Strong move. R escape from Bg2 "rentgen"} (
12... Bb7 13. Nd5 Qc6 14. a4 $14) 13. Rad1 (13. e5 $5 Bc5 14. Qd3 O-O 15. Rad1
f6 16. exf6 d5 {[%csl Rf2]} 17. Rd2 Rxf6 $132) 13... Qc5 $5 14. Qxc5 Bxc5 15.
e5 (15. Rd3 f6 $11) 15... f5 (15... f6 $5) 16. exf6 $6 $15 {After this move
the endgame is better for Black. Position is opened for the pair of BB, so
White had to change immediately N for B.} (16. Rd3 $11) 16... gxf6 17. Ne4 Be7
18. Nd6+ Bxd6 19. Rxd6 Ke7 20. Red1 a5 $1 (20... Rg8 21. b4 $14) 21. f4 (21. a3
Rd8 22. R1d2 Bb7 $15) 21... Rd8 (21... f5 $6 22. h3 $1 Rg8 23. Kf2 $11) 22. f5
e5 (22... exf5 $2 23. Bh3 $16) 23. Bf1 (23. Kf2 Bb7 24. R1d2 Bxg2 25. Kxg2 Rb7
26. Kf3 Rc8 27. c3 b4 $15) 23... b4 24. Bc4 Rb7 25. b3 (25. Bb3 Rc7 26. Ba4 Bb7
(26... Rg8 27. R6d5 Rg5 28. Rxa5 d6 29. Rb5 Rb7 30. Rbd5 Rb6 $15 {[%csl Rf5]})
27. R1d2 h5 {[%csl Rf5]} 28. h3 Be4 $15 {[%csl Rc2,Rd6]}) 25... Rc7 26. g4 Bb7
(26... Rxc4 $5 {I thougth about 20 minutes about} 27. bxc4 Rg8 28. h3 h5 29.
R6d3 (29. Kg2 hxg4 30. h4 g3 $132) 29... hxg4 30. Rg3 Ba6 31. c5 (31. Rxg4
Rxg4+ 32. hxg4 Bxc4 33. Kf2 d5 34. Rh1 d4 35. Rh7+ Bf7 36. Kf3 $132) 31... Be2
32. Re1 Bf3 33. Kf2 Rg5 34. Ke3 (34. hxg4 Bxg4 $17) 34... d6 $44) 27. Kf2 (27.
g5 fxg5 28. f6+ Kf8 $17) 27... Be4 $2 $138 {= Here I feel time pressure and
put mistake.} (27... h5 $1 {Right was} 28. gxh5 Rh8 29. Bb5 Bc8 30. Be2 Rxc2
31. R1d2 Rxd2 32. Rxd2 Bb7 $17) 28. Ke3 (28. g5 Rf8 $1 $19 {[%csl Gf6,Rf5]} (
28... fxg5 29. f6+ Kf8 30. Rg1 h6 31. h4 Rc6 32. Rxc6 Bxc6 33. hxg5 d5 34. gxh6
Kf7 (34... dxc4 35. h7 Kf7 36. Rg7+ Kxf6 37. Rg8 $18) 35. Bd3 e4 36. Be2 Kxf6
37. Bh5 Ke5 38. Rg6 $132)) 28... Bxc2 29. R1d2 a4 (29... Rc5 30. Rb6 Bb1 31.
Rb7 (31. Rb2 d5 $17) 31... e4 32. Rb2 Bd3 33. Bxd3 exd3 34. Kxd3 $132) 30. Rb6
Rxc4 $4 $18 {(+) Another terrible move instead of} (30... axb3 $1 31. axb3 Bb1
32. Rxb4 h5 33. Rb2 d5 34. Rxb1 dxc4 $132) 31. bxc4 b3 32. axb3 Bxb3 (32...
axb3 33. Rb7 h5 34. h3 hxg4 35. hxg4 Ke8 36. c5 $18) 33. c5 h5 (33... Rc8 34.
Rb7 $18) 34. gxh5 Bf7 35. Rb7 Bxh5 36. c6 Be8 37. Ra7 a3 38. h4 a2 39. Rdxa2
Kf8 40. c7 Rc8 41. Rb2 1-0

[Event "Kfar Sava GP1"]
[Site "Kfar Sava"]
[Date "2001.08.03"]
[Round "2"]
[White "Gruenfeld, Yehuda"]
[Black "Tsesarsky, Ilya"]
[Result "1-0"]
[WhiteElo "2520"]
[BlackElo "2450"]
[Annotator "Tsesarsky,I"]
[PlyCount "115"]
[EventDate "2001.08.??"]
[EventType "swiss"]
[EventRounds "5"]
[EventCountry "ISR"]
[SourceTitle "CBM 084"]
[Source "ChessBase"]
[SourceDate "2001.09.13"]
[SourceVersion "1"]
[SourceVersionDate "2001.09.13"]
[SourceQuality "1"]

1. e4 c5 2. Nf3 Nc6 3. Nc3 e6 4. d4 cxd4 5. Nxd4 Qc7 6. g3 a6 7. Bg2 Nge7 8.
Nb3 (8. Be3 {-see commented game 1-0 Shevelev,A-Tsesarsky,I/Kfar-Sava 2000/CBM
78[Tsesarsky,I] (41)}) 8... Ng6 9. f4 (9. Qe2 Be7 10. f4 O-O (10... d6 11. Be3
O-O 12. h4 Bf6 $6 13. Qd2 $14 {1-0 Gruenfeld,Y-Tsesarsky,I/Givataim 2000 (20)})
(10... b5 11. Be3 O-O (11... d6 12. h4 Bf6 13. h5 Nge7 14. Qd2 Bb7 15. g4 $14 {
1-0 Gonzalez,G-Marcussi,B/Buenos Aires 1962/MCD (32)}) 12. h4 f6 13. h5 Nh8
$132 {[%cal Gh8f7,Ga8b8]}) 11. h4 f6 $132 {[%cal Gg6h8,Gh8f7,Ga8b8]}) (9. a4
Bb4 (9... b6 10. O-O Rb8 11. f4 Na5 12. Nd4 Bc5 $132 {1/2-1/2 Vogt,L-Bischoff,
K/Altensteig 1993/CBM 37 (29)}) 10. O-O O-O 11. Ne2 Re8 12. f4 Be7 13. Be3 b6
14. Ned4 Bb7 $132 {1/2-1/2 Rocha,A-Bronstein,L/Mar del Plata 1969/EXT 99 (50)})
(9. O-O Rb8 (9... b5 10. f4 Bb7 11. Be3 Na5 12. Nxa5 Qxa5 13. Qh5 Qc7 14. Rae1
Bb4 15. Bd4 O-O 16. a3 Be7 17. Rf2 f6 $132 {0-1 Ermenkov,E-Hernandez,R/Graz
1972/MCD (43)}) 10. f4 Be7 11. Be3 O-O 12. h4 f6 13. h5 Nh8 14. Qd2 Nf7 15.
Rad1 b5 16. g4 Nd6 17. Qe2 Nc4 18. Bc1 Bb7 $132 {1/2-1/2 Guliev,L-Bischoff,K/
Dresden 1994/TD (105)}) (9. h4 Be7 (9... Bb4 10. h5 Nge5 11. h6 g6 12. Bg5 f5
13. exf5 gxf5 14. Qh5+ Ng6 15. Bf6 Rf8 16. Bg7 Rf7 17. O-O-O $14 {1-0 Ivanov,
A-Ortega,A/Philadelphia 1996/EXT 2001 (31)}) 10. h5 Nge5 11. f4 Nc4 12. Qe2 b5
13. a4 bxa4 14. Rxa4 Nb6 15. Ra1 Bb7 16. Be3 d6 $132) 9... Bb4 (9... d6 10. a4
Na5 11. Nxa5 Qxa5 12. Be3 Be7 13. h4 O-O (13... Bd7 14. O-O O-O 15. h5 Nh8 16.
f5 Rfe8 17. h6 Bf8 18. hxg7 Bxg7 19. Qxd6 $16 {1-0 Ochsner,T-Nielsen,U/DEN-ch
qual 1996/CBM 51 ext (38)}) 14. h5 Nh8 15. h6 g6 16. Qd4 f6 17. b4 Qc7 $132 {
[%cal Gh8f7]}) (9... f6 10. Be3 Be7 11. Qd2 O-O 12. O-O-O Rb8 13. Kb1 Nh8 14.
h4 Nf7 15. g4 b5 16. g5 b4 $132 {1-0 Popovic,P-Rechlis,G/FRA 1998/CBM 64 ext 
(28)}) (9... Be7 10. Be3 (10. O-O O-O 11. Be3 b5 12. a3 Rb8 13. h4 f6 14. Kh1
Nh8 15. Qe1 Nf7 16. Rd1 Nd6 $132 {1/2-1/2 Kotz,H-Gustafsson,J/Graz AUT 2001/
The Week in Chess 337 (37)}) 10... Rb8 11. Qh5 O-O 12. O-O f6 13. Rad1 b5 14.
Rd3 Nh8 15. Rfd1 Nf7 16. Qe2 Nd6 17. Bc1 Nc4 $132 {0-1 Bakhmatov,E-Bischoff,K/
Fuerth 1999/EXT 2000 (55)}) (9... b5 10. Be3 d6 11. h4 Bb7 12. Qd2 Be7 13.
O-O-O Nf8 {1/2-1/2 Aleksic,N-Miladinovic,I/Cutro 2000/CBM 77 (13)}) 10. Be3 f6
$1 {Preventing e4-e5 promotion and preparing Ng6-h8-f7 manoeuvre.} 11. Qd3 O-O
12. a3 Be7 13. Na4 {White loses 3 tempi and changes his N for Bc8. I can't
justify it. Black hasn't any opening problems.} b5 14. Nb6 Rb8 15. Nxc8 Rfxc8
$132 16. O-O Nf8 {In view of Bc8 disappearance Nf8 will protect white squares
in the black camp.} 17. Rf2 Nd8 $1 {[%cal Gd8b7,Gb7c5,Ge7c5] Black prepares
pair of pieces exchange via c5.} 18. Rd1 Nb7 19. h4 Nc5 20. Nxc5 Bxc5 21. Bxc5
Qxc5 22. c3 Rb6 $6 $14 {Inaccuracy!} ({Natural and strong was} 22... a5 23. Qd4
b4 24. Qxc5 Rxc5 25. cxb4 axb4 $132) 23. Qd4 {When Y.Gruenfeld made this move
I was glad, because the endgame is reliable for Black.} Qxd4 24. Rxd4 Kf7 25.
Rfd2 $6 $132 ({I was afraid of} 25. e5 $1 Ke7 26. Rfd2 (26. exf6+ gxf6 27. g4
Rc4 28. Rfd2 Rxd4 29. Rxd4 Rd6 30. Rxd6 Kxd6 31. Be4 Kc5 32. Kf2 d5 33. Bd3 $14
) 26... fxe5 (26... a5 27. exf6+ gxf6 28. g4 $14) 27. fxe5 Rc5 28. Rd6 Rb8 (
28... Rxd6 29. exd6+ Kf6 30. b4 $1 $16 {[%csl Ra6,Rf8]}) 29. Rxa6 Rxe5 $14)
25... Ke7 26. Kf2 d6 {[%cal Gf8d7,Gd7c5,Gc5a4]} 27. Bh3 (27. e5 fxe5 28. fxe5
d5 29. Rg4 g6 30. Rdd4 Nd7 31. Rg5 $132) 27... Nd7 28. Re2 a5 29. Bf1 {White
plays without certain plan and his position become worse and worse.} b4 $1 30.
cxb4 axb4 31. a4 ({Or} 31. axb4 e5 32. Rd5 Rxb4 (32... Rc4 33. b5 Rb4 34. Re3
Nc5 35. Kf3 Rxb2 $11) 33. Bh3 Rc5 $17) 31... e5 $6 $15 (31... Nc5 $1 $17 {
[%csl Ra4,Rb3]}) 32. a5 $1 {I thought her a lot, and choosed} Rbb8 $6 (32...
exd4 $5 33. axb6 Nxb6 34. Rd2 Rc1 (34... b3 35. Be2 Rc2 36. Ke1 Nc4 37. Rxd4
Nxb2 38. Rb4 Rc3 39. Rb7+ Kf8 40. Rb8+ Kf7 41. g4 $44) 35. Be2 Rb1 36. Bd3 Ra1
37. Be2 Ra2 38. Bb5 $15) 33. Rd1 Nc5 34. Re3 Na4 ({Or} 34... Ra8 35. Ra1 Ra7
36. a6 Rca8 37. f5 Nxa6 38. Rb3 Nc5 39. Rxa7+ Rxa7 40. Rxb4 $132 d5 (40... Rb7
41. Rxb7+ Nxb7 42. b4 Nd8 43. Bb5 Nf7 44. Bc4 $14 {[%csl Rf7]}) 41. exd5 Kd6
42. Ke3 Kxd5 43. Bg2+ Kd6 44. Rb6+ Ke7 $132) 35. Ra1 $1 Nxb2 36. a6 Nc4 37. a7
Ra8 38. Rb3 Na3 39. Rxb4 Rxa7 ({On} 39... Nc2 {I overlooked} 40. Rb7+ Kf8 41.
Ra6 $18) 40. Rb3 Rca8 $44 41. Rc1 g6 42. Rcc3 Kf8 43. Bd3 Ke7 44. Ke3 {[%csl
Ra3][%cal Ge3d2,Gd2c1,Gc1b2] White has clear plan: to win cought Na3. Black
had to organize counterplay.} Ke6 45. f5+ Kf7 46. g4 Kg7 47. Rb6 Rd8 48. Rbb3 (
{On} 48. Ba6 {goes} Nb1 $1 49. Rcc6 Na3 50. fxg6 (50. Kd2 d5) 50... hxg6 51.
Kd2 Rh8 52. Rb3 Rxh4 53. Rxa3 Rxg4 $44) 48... Rda8 49. Kd2 gxf5 ({Interesting
was} 49... h5 $5 {but I wasn't able to calculate complicated variations:} 50.
fxg6 hxg4 51. h5 Kh6 52. Be2 d5 53. exd5 f5 54. d6 Kxh5 55. g7 Rxg7 56. Rxa3
Rd8 57. Rd3 f4 58. Ra5 f3 (58... Rg5 59. Rh3+ Kg6 60. Bd3+ $18) 59. Rxe5+ Rg5
60. Rxg5+ Kxg5 61. Bf1 g3 62. Rxf3 Rxd6+ $44) 50. gxf5 Kh6 51. Kc1 Ra4 52. Kb2
d5 $1 ({Or} 52... Kh5 53. Rxa3 Rxa3 54. Rxa3 Rxa3 55. Kxa3 Kxh4 56. Kb4 h5 57.
Kc4 Kg3 58. Bf1 Kf2 59. Bh3 Kg3 60. Bf1 h4 (60... Kf2 $11) 61. Kd5 Kf2 62. Bh3
Kg3 $11) 53. exd5 (53. Rxa3 dxe4 54. Be2 e3 55. Rxe3 Rb8+ 56. Kc2 Rxh4 $44)
53... e4 $4 {Terrible mistake in time pressure.} ({Right was} 53... Rxh4 $1 54.
Rxa3 Rxa3 55. Rxa3 Rd4 $44 56. Rc3 Rxd5 $44) 54. Be2 R8a5 55. d6 (55. Rb7 $1
Rxd5 (55... e3 56. Rcc7 Rxh4 57. Rxh7+ Kg5 58. Rbg7+ $18) 56. Rcc7 Rxf5 57.
Rxh7+ Kg6 58. Rbg7#) 55... Rxf5 56. Rxa3 Rd4 57. Ra6 Rf2 58. Rc2 {and White
won.} 1-0

[Event "EU-Cup 21st"]
[Site "Saint Vincent"]
[Date "2005.09.22"]
[Round "5.6"]
[White "Tyomkin, Dimitri"]
[Black "Macieja, Bartlomiej"]
[Result "0-1"]
[WhiteElo "2467"]
[BlackElo "2593"]
[Annotator "Tyomkin,D"]
[PlyCount "83"]
[EventDate "2005.09.18"]
[EventType "team-swiss"]
[EventRounds "7"]
[EventCountry "ITA"]
[SourceTitle "CBM 110"]
[Source "ChessBase"]
[SourceDate "2006.01.31"]
[SourceVersion "1"]
[SourceVersionDate "2006.01.31"]
[SourceQuality "1"]
[WhiteTeam "Ashdod"]
[BlackTeam "Warsaw Polonia"]
[WhiteTeamCountry "ISR"]
[BlackTeamCountry "POL"]

1. e4 c5 2. Nf3 e6 3. d4 cxd4 4. Nxd4 Nc6 5. Nc3 Qc7 6. Be2 a6 7. O-O Nf6 8. a4
Bb4 9. Bg5 h6 $5 {Bartek caught me by surprise with this move.... I never saw
this move, while Bartek even played one game with it.} 10. Bxf6 (10. Bh4 Bxc3
11. Bxf6 gxf6 12. bxc3 Qf4 13. Re1 (13. Nxc6 bxc6 (13... dxc6 14. Qd3 Bd7 15.
Rfd1 $14) 14. Qd4 $14) 13... Qxe4 $6 14. Bxa6 Qf4 15. g3 Qg5 16. Bf1 Ra5 17.
Nb5 Qc5 18. Bg2 $16 {1/2-1/2 Khalifman,A-Teske,H/Germany 1991/CBM 024 (29)})
10... gxf6 11. Nxc6 $6 {With the presence of the dark-squared bishop of black
in the game, this trade has no sense;} (11. Qd3 Qd6 $11) (11. Kh1 {Ribli} Qd6
$1 {[%csl Gb4][%cal Gd6d1]} 12. Nd5 $2 (12. Nxc6 Qxd1 13. Raxd1 dxc6 $11) (12.
Nb3 Qxd1 13. Raxd1 Bxc3 14. bxc3 Ke7 $11) 12... exd5 13. Nf5 Qf4 $1 $17 {
0-1 Tischbierek,R-Kritz,L/Saarbruecken 2002/CBM 093/[Ribli] (33)} (13... Qe5
14. f4 $44)) 11... bxc6 12. Qd4 Be7 $1 13. Rad1 Rb8 14. b3 h5 {Typical side
attack for Paulsen. Black king feels safe in the centre for a while.} 15. Kh1
h4 16. f4 Bb7 17. Qe3 c5 18. Bf3 {Fritz 9 suggests Qh3-g4 monouevre, but it
looks artificial.} (18. Qh3 Bd6 19. Qg4 Kf8 {and white hasn't reached much
with that plan.}) 18... c4 19. Ne2 Ba8 20. Qc3 Rc8 (20... Qc8 $1 {keeping
control over b4;} 21. Rd4 $1 cxb3 22. Rc4 $14) 21. Qd4 (21. b4 Bc6 22. Qxc4 (
22. b5 axb5 23. axb5 Bxb5 24. e5 fxe5 25. fxe5 h3 26. g3 Bc6 $15) 22... Qb7
$132) 21... h3 22. g4 {Still not sure which one is better: 22.g3 is safer, but
22.g4 grabs more space and keeps g3 clear for white pieces;} (22. g3 $5) 22...
Rg8 {Perhaps, black should have opened the queenside, but white looks better
there too.} (22... cxb3 23. cxb3 $14) 23. b4 $1 Bc6 24. a5 $2 {Underestimating
the following move of black. Both 24.Qxc4 and 24.a5 give white a good play.} (
24. Qxc4 Qb7 (24... Bxa4 25. Qxa6 $16) 25. Qd3 Qxb4 26. Qxa6 (26. Nd4 Bxa4 27.
Qxa6 $14) 26... Ra8 27. Qd3 Rxa4 28. Nd4 Ra3 29. Qe2 $14 {Rg8 is still offside,
that's why white must be better here.}) (24. c3 Bxa4 25. Ra1 Bb5 26. Rg1 {
[%cal Gg1g3] White has full compensation for the pawn, also pawn h3 falls soon.
}) 24... c3 $1 {White was threatening to block the queenside with c2-c3. This
move keeps the game open, and the black bishops get freedom.} (24... Bb5 $2 25.
c3 $16) 25. Rd3 {Tactical struggle begins from here.} Bb5 {Black accepts the
"invitation" correctly;} 26. Rxc3 {No way back!} Qxc3 $1 27. Nxc3 Bxf1 28. Kg1
(28. Ne2 Rxc2 (28... Bg2+ 29. Bxg2 hxg2+ 30. Kxg2 Rxg4+ 31. Kh3 $18) (28...
Bxe2 29. Bxe2 Rxc2 30. Qd1 {-transforms to 28...Rxc2}) 29. Qd1 Bxe2 30. Bxe2
Rb2 31. Bxa6 Bxb4 (31... Rxg4 32. Qxg4 Rb1+ 33. Qg1 Rxg1+ 34. Kxg1 Bxb4 35. Bf1
$11) 32. Bf1 $15) 28... Rc4 29. Qe3 (29. Qd1 Rxc3 30. Kxf1 (30. Qxf1 Bxb4 31.
Qxh3 (31. Bd1 Bc5+ 32. Kh1 Re3 $17) 31... Bxa5 $17) 30... Bxb4 31. Be2 Bxa5 32.
Qa1 Rc5 33. Qa3 $1 d6 34. Qxh3 Rxc2 35. Qb3 Rc1+ 36. Kg2 Ke7 37. Qb7+ Rc7 38.
Qxa6 $15) 29... Bxb4 30. Kxf1 $2 {Missing a better chance in time-trouble.} (
30. Na4 $1 Bxa5 31. Kxf1 (31. Qa3 Bg2 32. Bxg2 hxg2 33. h3 Rxe4 (33... f5 34.
exf5 exf5 35. Qd6 $1 {with counterattack or perpetual check;}) 34. Nc3 $1 $15 {
white is still alive}) 31... Rxa4 32. Qb3 Rb4 33. Qa3 Rb1+ 34. Ke2 Bc7 35. Qxa6
Ke7 36. Ke3 {black is better, but the fight is still on!}) 30... Rxc3 31. Qb6
Bxa5 $1 {Upsetting white with this blow. White is just lost now.} 32. Qb8+ Bd8
33. Bd1 a5 (33... Rc4 $1 $19 {grabbing one of white pawns for free.}) 34. Qb5
Bc7 $19 35. Qb2 Rc4 36. Bf3 Ke7 (36... Bxf4 37. Qxf6 Bxh2 $19) 37. Qa3+ Bd6 38.
Qxa5 Bxf4 39. Be2 Rxc2 40. Qa3+ Bd6 41. Qxh3 Rb8 42. Qb3 {Joke move for the
spectators.} 0-1

[Event "Dortmund SuperGM 23rd"]
[Site "Dortmund"]
[Date "1995.07.17"]
[Round "4"]
[White "Leko, Peter"]
[Black "Lautier, Joel"]
[Result "1/2-1/2"]
[WhiteElo "2605"]
[BlackElo "2650"]
[Annotator "Von Gleich,A"]
[PlyCount "48"]
[EventDate "1995.07.14"]
[EventType "tourn"]
[EventRounds "9"]
[EventCountry "GER"]
[EventCategory "17"]
[SourceTitle "CBM 048"]
[Source "ChessBase"]
[SourceDate "1995.10.01"]
[SourceVersion "1"]
[SourceVersionDate "1995.10.01"]
[SourceQuality "1"]

1. e4 {Ribli} c5 2. Nf3 Nc6 3. d4 cxd4 4. Nxd4 e6 5. Nc3 Qc7 6. g3 a6 7. Bg2
Nf6 8. O-O Bc5 {Eine interessante Alternative zu den üblichen Fortsetzungen 8..
.Be7, 8...Nd4, 8...d6 und zugleich eine Kampfansage an Leko.} (8... d6 {Ribli}
9. Re1 Rb8 10. Nxc6 bxc6 11. e5 dxe5 12. Rxe5 Bd6 13. Re1 O-O 14. b3 $14 {
Leko,P-Lautier,J/Horgen CS/1994/CBM43/}) 9. Nb3 (9. Bf4 $5 {Ribli} Ne5 10. Na4
Ba7 11. c4 d6 12. Rc1 $14 {Tatai,S-Gostisa,L/Mitropa Cup/1995/CBM46/}) 9... Ba7
10. Bg5 Ne5 11. Qe2 d6 12. Kh1 $6 h6 {Das ist offenbar eine Neuerung.} (12...
Nc4 $13 {Ribli Tiviakov,S-Miladinovic,I/Moscow olm/1994/CBM45/INF62,187/}) 13.
Bxf6 gxf6 14. f4 (14. Rae1 {Ribli} Bd7 15. f4 Nc4 16. Nd1 O-O-O 17. Nc1 Kb8 18.
Nd3 h5 $13) 14... Nc4 15. f5 Ne3 $1 {[#]} (15... Nxb2 16. Qf3) 16. Rf3 {
Leko waehlt eine sichere Fortsetzung.} (16. fxe6 $6 Bxe6 {Ribli} (16... Nxf1 $4
17. Nd5 $18 {Ein chancenreiches Qualitaetsopfer, das dem Anziehenden die
Initiative sichert}) 17. Rxf6 (17. Nd5 $5) 17... O-O-O {Fragwuerdig ist, ob
Schwarz genueg Kompensation fuer den geopferten Bauern hat.}) 16... Nxg2 17.
Kxg2 Bd7 {Schwarz hat keine andere Wahl.} 18. fxe6 fxe6 19. Rxf6 h5 $1 $132 (
19... O-O-O 20. Qh5 {>< h6}) 20. Rd1 (20. Nd5 $6 {Ribli} exd5 21. exd5+ Kd8 22.
Re1 Kc8 {Weiss hat nicht genug Spiel fuer die Figur.}) 20... O-O-O (20... h4 $5
21. Qd2 h3+ 22. Kh1 (22. Kf3 {Leko, der meinte, sein König sei in freier
Wildbahn sicherer...}) 22... O-O-O 23. Qxd6 Qxd6 24. Rxd6 Rhf8 $1 $40) 21. h4
Kb8 22. Nd4 Qc5 23. Nf3 (23. Nxe6 $2 {Ribli} Qe5 24. Nxd8 Qxf6 $19) (23. Rxe6
$6 {Ribli} Rdf8 $44) 23... Rhf8 24. Rxf8 Rxf8 {Ribli Schwarz hat aktives
Figurenspiel und bessere Bauernstruktur, es ist Vollwertige Kompensation fuer
den geopferten (verlorenen?) Bauern.} (24... Rxf8 $138 {Das Remisangebot
Lautiers kam sehr überraschend.} 25. Qd2 {Was sonst? Leko, Lautier} d5 26. exd5
(26. e5 d4 {Spekulativ} (26... Bc6 {Einfach} 27. Nd4 Qxd4 28. Qxd4 Bxd4 29.
Rxd4 Rf5 $17) 27. Ne4 (27. Nxd4 Qxe5 28. Nf3 $2 Rxf3) 27... Qb5 28. Nxd4 Qxe5
29. Nf3) 26... exd5 27. Nxd5 $2 (27. Nd4 Bg4 28. Nce2 (28. Na4) 28... Qe7 $19)
(27. Rf1 Bg4 28. Qd1 Qc8) 27... Bh3+ 28. Kxh3 Rxf3 $17 29. c3 Qc8+ 30. Kg2 Qg4
$19) 1/2-1/2